تفاصيل مارك
| 000 -LEADER |
| fixed length control field |
05729namaa22004331i 4500 |
| 003 - CONTROL NUMBER IDENTIFIER |
| control field |
OSt |
| 005 - أخر تعامل مع التسجيلة |
| control field |
20260401135254.0 |
| 008 - FIXED-LENGTH DATA ELEMENTS--GENERAL INFORMATION |
| fixed length control field |
250827s2025 ua a|||frm||| 000 0 eng d |
| 040 ## - CATALOGING SOURCE |
| Original cataloguing agency |
EG-GICUC |
| Language of cataloging |
ara |
| Transcribing agency |
EG-GICUC |
| Modifying agency |
EG-GICUC |
| Description conventions |
rda |
| 041 0# - LANGUAGE CODE |
| Language code of text/sound track or separate title |
ara |
| Language code of summary or abstract |
ara |
| -- |
eng |
| 049 ## - Acquisition Source |
| Acquisition Source |
إيداع |
| 082 04 - DEWEY DECIMAL CLASSIFICATION NUMBER |
| Classification number |
736 |
| 092 ## - LOCALLY ASSIGNED DEWEY CALL NUMBER (OCLC) |
| Classification number |
736 |
| Edition number |
21 |
| 097 ## - Degree |
| Degree |
دكتـــــوراه |
| 099 ## - LOCAL FREE-TEXT CALL NUMBER (OCLC) |
| Local Call Number |
Cai01.14.01.Ph.D.2025.سا.ت |
| 100 0# - MAIN ENTRY--PERSONAL NAME |
| Authority record control number or standard number |
،سامية حسن عثمان حسن |
| Preparation |
إعداد. |
| 245 12 - TITLE STATEMENT |
| Title |
التحف التطبيقية لمتصوفة أوزبكستان : |
| Remainder of title |
دراسة آثاريه فنية مقارنة في ضوء مجموعة جديدة / |
| Statement of responsibility, etc. |
إعداد سامية حسن عثمان حسن؛ إشراف أ.د/ شادية الدسوقي عبد العزيز كشك، أ.د/ نهى جميل محمد غالي. |
| 246 15 - VARYING FORM OF TITLE |
| Title proper/short title |
Applied masterpieces of the sufis of uzbekistan : |
| Remainder of title |
Archaeological, artistic and comparative study-in the light of new collection / |
| 264 #0 - PRODUCTION, PUBLICATION, DISTRIBUTION, MANUFACTURE, AND COPYRIGHT NOTICE |
| Date of production, publication, distribution, manufacture, or copyright notice |
2025. |
| 300 ## - PHYSICAL DESCRIPTION |
| Extent |
1364 صفحة : |
| Other physical details |
مجلدين؛ |
| Dimensions |
30 سم. + |
| Accompanying material |
CD. |
| 336 ## - CONTENT TYPE |
| Content type term |
text |
| Source |
rda content |
| 337 ## - MEDIA TYPE |
| Media type term |
Unmediated |
| Source |
rdamedia |
| 338 ## - CARRIER TYPE |
| Carrier type term |
volume |
| Source |
rdacarrier |
| 502 ## - DISSERTATION NOTE |
| Dissertation note |
أطروحة (دكتوراه)-جامعة القاهرة، 2025. |
| 504 ## - BIBLIOGRAPHY, ETC. NOTE |
| Bibliography, etc. note |
ببليوجرافيا: صفحات 1311-1364. |
| 520 ## - SUMMARY, ETC. |
| Summary, etc. |
تناولت الدراسة التحف التطبيقية لصوفية أوزبكستان دراسة آثارية فنية مقارنة في ضوء مجموعة جديدة من المقتنيات المحفوظة فى متاحف جمهورية أوزبكستان وبعض المجموعات المتحفية العالمية والعربية ببرلين وروسيا ولندن ومصر وبعض المجموعات الخاصة ينشر معظمها لأول مرة والتي اشتملت على حوالى 178 تحفة (725 لوحة) كما دُعمت بكتالوج للخرائط (12خريطة) والأشكال (751شكلا) تنوعت ما بين أزياء الصوفية ومكملاتها(لباس البدن، غطاء الرأس، لباس القدم)، والكشاكيل، والأعلام، والعصي، وأرحال المصاحف، والمسابح، والحقائب، وأواني حمل وتوزيع الماء(الأباريق، الدلاء، الدوارق)، وأحواض غسيل الأيدي، وأواني الطعام، وأدوات الكتابة، الأواني الطقسية (طؤوس الرجفة)، والسجاجيد، والتراكيب وغيرها من التحف المتنوعة الخاصة بصوفية أوزبكستان، اعتمدت الدراسة على المنهج الوصفي التحليلي المقارن؛ حيث تعتمد على المنهج الوصفي في وصف التحف الفنیة، والمنهج التحلیلي للوقوف على سماتها وممیزاتها الفنیة، وتفسیر أسباب الظهور، والغرض من العناصر، والزخارف، والنقوش، والنصوص الكتابیة، بالإضافة إلى دراسة مقارنة للتحف (موضوع الدراسة)، مع التحف الفنية التي أنتجت في ايران في القترات التاريخية المعاصرة لفترة الدراسة، ثم الخاتمة التي تضمنت أهم النتائج التي تم التوصل إليها. |
| 520 ## - SUMMARY, ETC. |
| Summary, etc. |
Subject of study Applied Masterpieces of the Sufis of Uzbekistan -Archaeological, Artistic and Comparative study- in the light of new collection of holdings preserved in the museums of the Republic of Uzbekistan and some international and Arab museum groups in Berlin, Russia, London, Egypt and some private collection, most of which publish for the first time, which included about 178 masterpieces (725 plates), supported by a catalog of (12maps), (751 figures) , It varied between Sufi costumes and their supplements (body shirts, head covering, shoses, kashkuls, flags, Canes, holder of Qur’ans, rosary (beads), Leather bags, load utensils and distribution of water (jugs, buckets, roundabouts), hand washing basins, food utensils, writing tools, ritual utensils (shrewdness), rugs, and structures and other antiques Various for the Sufis of Uzbekistan, the study relied on the comparative analytical descriptive approach; Where it depends on the descriptive approach in describing artistic artifacts, the analytical approach to standing on its technical features and advantages, and explaining the reasons for appearing, the purpose of elements, decorations, inscriptions, and written texts, in addition to a comparative study of antiques (the subject of the study), with artistic antiques that were produced in Iran in contemporary historical periods of the study period, then the conclusion that included the most important results that It was reached. |
| 530 ## - ADDITIONAL PHYSICAL FORM AVAILABLE NOTE |
| Issues CD |
صدر أيضًا كقرص مدمج. |
| 546 ## - LANGUAGE NOTE |
| Text Language |
النص بالعربية والملخص باللغة الإنجليزية والعربية. |
| 650 #7 - SUBJECT ADDED ENTRY--TOPICAL TERM |
| Topical term or geographic name entry element |
النقش |
| Source of heading or term |
qrmak |
| General subdivision |
فنون زخرفية |
| 650 #7 - SUBJECT ADDED ENTRY--TOPICAL TERM |
| Topical term or geographic name entry element |
المتاحف |
| Source of heading or term |
qrmak |
| 653 #0 - INDEX TERM--UNCONTROLLED |
| Uncontrolled term |
آسيا الوسطى |
| -- |
أشكال هندسية |
| -- |
أعلام |
| 700 0# - ADDED ENTRY--PERSONAL NAME |
| Personal name |
شادية الدسوقي عبد العزيز كشك |
| Relator term |
مشرف أطروحة. |
| 700 0# - ADDED ENTRY--PERSONAL NAME |
| Personal name |
نهى جميل محمد غالي |
| Relator term |
مشرف أطروحة. |
| 900 ## - Thesis Information |
| Grant date |
15-01-2025 |
| Supervisory body |
شادية الدسوقي عبد العزيز كشك |
| -- |
نهى جميل محمد غالي |
| Discussion body |
أحمــد رجــب محمــد علــى رزق |
| -- |
عبد المنصف سالم حسن نجم |
| Universities |
جامعة القاهرة |
| Faculties |
كلية الآثار |
| Department |
قسم الآثار الإسلامية |
| 905 ## - Cataloger and Reviser Names |
| Cataloger Name |
Sara Salah |
| Reviser Names |
Afaf |
| 942 ## - ADDED ENTRY ELEMENTS (KOHA) |
| Source of classification or shelving scheme |
Dewey Decimal Classification |
| Koha item type |
Thesis |
| Edition |
21 |
| Suppress in OPAC |
No |